000 00573nam a22001577a 4500
003 OSt
005 20140310182530.0
008 130220t xxu||||| |||| 00| 0 eng d
020 _a9780853699019
050 _aRS 200
_b.H236 2010
245 _aHandbook of extemporaneous preparation :
_ba guide to pharmaceutical compounding /
_cedited by Mark Jackson, Andrew Lowey, on behalf of the NHS Pharmaceutical Quality Assurance Committee.
260 _aChicago :
_b Pharmaceutical Press,
_cc2010.
300 _a464 p. :
_bill. ;
_c24 cm.
942 _2lcc
_cSSLC
999 _c14120
_d14120